书目信息 |
| 题名: |
人权问题概论
|
|
| 作者: | 李云龙 著 | |
| 分册: | ||
| 出版信息: | 成都 四川人民出版社 1999.07 |
|
| 页数: | 267页 | |
| 开本: | 32开 | |
| 丛书名: | ||
| 单 册: | ||
| 中图分类: | D621.5 | |
| 科图分类: | ||
| 主题词: | 政治--中国 | |
| 电子资源: | ||
| ISBN: | 7-220-04016-4 | |
| 000 | 00538nam0 2200193 45 | |
| 001 | 0008091690 | |
| 005 | 20000809163504.7 | |
| 010 | @a7-220-04016-4@d13.80元 | |
| 100 | @a20000809d1999 km y0chiy0120 ea | |
| 101 | 0 | @achi |
| 105 | @a z 000yy | |
| 200 | 1 | @a人权问题概论@ARen Quan Wen Ti Gai Lun@f李云龙 著@FLi Yun Long Zhu |
| 210 | @a成都@c四川人民出版社@d1999.07 | |
| 215 | @a267页@d32开 | |
| 606 | 0 | @a政治@x中国 |
| 690 | @aD621.5@v3 | |
| 701 | 0 | @a李云龙@4著 |
| 801 | @aCN@bPftUser@c20000809 | |
| 905 | @b101070-074@dD621.5@eL491@f5 | |
| 人权问题概论/李云龙 著.-成都:四川人民出版社,1999.07 |
| 267页;32开 |
| ISBN 7-220-04016-4:13.80元 |
| ● |
| 相关链接 |
|
|
|
正题名:人权问题概论
索取号:D621.5/L491
 
预约/预借
| 序号 | 登录号 | 条形码 | 馆藏地/架位号 | 状态 | 备注 |
| 1 | 101070 | 201010707 | 社科库509/422社科库 42排4列4层/ [索取号:D621.5/L491] | 在馆 | |
| 2 | 101071 | 201010716 | 社科库509/422社科库 42排4列4层/ [索取号:D621.5/L491] | 在馆 | |
| 3 | 101072 | 201010725 | 社科库509/509社科库 72排9列1层/ [索取号:D621.5/L491] | 在馆 | |
| 4 | 101073 | 201010734 | 社科库509/422社科库 42排4列4层/ [索取号:D621.5/L491] | 在馆 | |
| 5 | 101074 | 201010743 | 社科库509/509社科库 72排9列1层/ [索取号:D621.5/L491] | 在馆 |